Normal view
MARC view
Entry Topical Term
001 - CONTROL NUMBER
- control field: 65795
003 - CONTROL NUMBER IDENTIFIER
- control field: OSt
005 - DATE AND TIME OF LATEST TRANSACTION
- control field: 20260128084529.0
008 - FIXED-LENGTH DATA ELEMENTS
- fixed length control field: 260128|| aca||aabn | a|a d
040 ## - CATALOGING SOURCE
- Original cataloging agency: OSt
- Transcribing agency: OSt
150 ## - HEADING--TOPICAL TERM
- Topical term or geographic name entry element: History
- Form subdivision: History of Shwebo Township (1948-1958)
670 ## - SOURCE DATA FOUND
- Source citation: Work cat.: (OSt): Thant zin 4 PhD-Hist-4 65794, History of Shwebo Township (1948-1958), 2012